000 00219nam a2200121Ia 4500
100 _a#N/A
650 _aComputer/ IT
942 _cBK
654 _alfy
245 _aLinux for You
260 _b#N/A
546 _aENGLISH
999 _c32587
_d32587